Catálogo
 En Linea

Discurso del licenciado Julio Ortega Frier, rector de la Universidad de Santo Domingo, pronunciado en el acto académico celebrado el 28 de octubre de 1938 con motivo del cuarto centenario de la erección de la Universidad. 1538-1938 / (Registro nro. 28931)

Detalles MARC
000 -CABECERA
campo de control de longitud fija 00964nam a2200193 a 4500
001 - NÚMERO DE CONTROL
campo de control 000029439
005 - FECHA Y HORA DE LA ÚLTIMA TRANSACCIÓN
campo de control 20200930055542.0
008 - DATOS DE LONGITUD FIJA--INFORMACIÓN GENERAL
campo de control de longitud fija 110415s1942 dr r 000 0 spa d
040 ## - FUENTE DE LA CATALOGACIÓN
Centro catalogador/agencia de origen DO-SdBNP
Lengua de catalogación spa
Centro/agencia transcriptor BNPHU
082 ## - NÚMERO DE LA CLASIFICACIÓN DECIMAL DEWEY
Número de clasificación xxxx
Número de documento/Ítem O77d, 1942
100 1# - ENTRADA PRINCIPAL--NOMBRE DE PERSONA
Nombre de persona Ortega Frier, Julio,
Fechas asociadas al nombre 1888-1953
9 (RLIN) 56315
245 10 - MENCIÓN DE TÍTULO
Título Discurso del licenciado Julio Ortega Frier, rector de la Universidad de Santo Domingo, pronunciado en el acto académico celebrado el 28 de octubre de 1938 con motivo del cuarto centenario de la erección de la Universidad. 1538-1938 /
Mención de responsabilidad, etc. Julio Ortega Frier.
250 ## - MENCIÓN DE EDICIÓN
Mención de edición 2a ed.
260 ## - PUBLICACIÓN, DISTRIBUCIÓN, ETC.
Lugar de publicación, distribución, etc. Ciudad Trujillo, República Dominicana :
Nombre del editor, distribuidor, etc. Imprenta "La Opinión",
Fecha de publicación, distribución, etc. 1942.
300 ## - DESCRIPCIÓN FÍSICA
Extensión 28 p. ;
Dimensiones 24 cm.
490 1# - MENCIÓN DE SERIE
Mención de serie Publicaciones Universidad Autónoma de Santo Domingo
Designación de volumen o secuencia 3
500 ## - NOTA GENERAL
Nota general "De los Anales de la Universidad de Santo Domingo, vol. III, fasc. I, de 1939, páginas 16/40."
830 #0 - PUNTO DE ACCESO ADICIONAL DE SERIE-TÍTULO UNIFORME
Título uniforme Publicaciones Universidad Autónoma de Santo Domingo
Número de parte o sección de la obra 3
9 (RLIN) 56316
Existencias
Estado de retiro Estado de pérdida Restricciones de uso No para préstamo Código de colección Localización permanente Ubicación/localización actual Ubicación en estantería Fecha de adquisición Número de inventario Total de préstamos Signatura topográfica completa Código de barras Fecha visto por última vez Número de copia Precio válido a partir de Tipo de ítem Koha Nota pública
        Raros y valiosos General General En catalogación 03.05.2011 LF1   xxxx O77d, 1942 29439-30 25.06.2020 e. 3 25.06.2020 Préstamo en sala Perteneció a la biblioteca personal de Carlos Larrazábal Blanco.
        Raros y valiosos General General En catalogación 03.05.2011 LF1   xxxx O77d, 1942 29439-40 25.06.2020 e. 4 25.06.2020 Préstamo en sala  
  Extraviado     Raros y valiosos General General Extraviado 03.05.2011 LF1   xxxx O77d, 1942 29439-50 25.06.2020 e. 5 25.06.2020 Préstamo en sala  
      Excluido de préstamo Raros y valiosos Patrimonio Dominicano Patrimonio Dominicano Depósito 15.04.2011 LF1   xxxx O77d, 1942 29439-10 25.06.2020   25.06.2020 No se presta Perteneció a la biblioteca personal de Julio Ortega Frier.
      Excluido de préstamo Raros y valiosos Patrimonio Dominicano Patrimonio Dominicano Depósito 03.05.2011 LF1   xxxx O77d, 1942 29439-20 25.06.2020 e. 2 25.06.2020 No se presta Perteneció a la biblioteca personal de Julio Ortega Frier.

Con tecnología Koha